| 000 | 00348nam a2200133Ia 4500 | ||
|---|---|---|---|
| 008 | 220216s9999 xx 000 0 und d | ||
| 100 | _aChee K H | ||
| 245 | 0 | _aCombating South American leaf blight of Hevea by plant breeding and other measures | |
| 260 |
_bPlanter _c1977 |
||
| 300 | _a287-296 | ||
| 650 | _aHevea | ||
| 650 | _aSALB | ||
| 942 | _cJS | ||
| 999 |
_c55858 _d55858 |
||